WM Kader 2022 Serbien - Statistiken

Allgemein
  • Dieses Quiz wurde 85 mal gespielt
  • Das Durchschnittsergebnis liegt bei 17 aus 27
Antwortstatistiken
Position NR. Verein Antwort % Korrekt
ST 18 Juventus Dušan Vlahovic
100%
ST 9 Fulham Aleksandar Mitrovic
98%
DF 13 Getafe Stefan Mitrovic
98%
ST 10 Ajax Dušan Tadic
95%
MF 20 Lazio Sergej Milinkovic-Savic
93%
GK 23 Torino Vanja Milinkovic-Savic
93%
MF 17 Juventus Filip Kostic
92%
MF 8 Sevilla Nemanja Gudelj
81%
DF 4 Fiorentina Nikola Milenkovic
80%
DF 2 RB Salzburg Strahinja Pavlovic
76%
GK 12 Mallorca Predrag Rajkovic
69%
MF 14 PAOK Andrija Zivkovic
66%
ST 11 Fiorentina Luka Jovic
66%
Coach - Serbien Dragan Stojkovic
59%
DF 5 Werder Bremen Miloš Veljkovic
59%
MF 16 Torino Saša Lukic
59%
GK 1 Sevilla Marko Dmitrovic
54%
MF 6 Getafe Nemanja Maksimovic
53%
MF 26 Porto Marko Grujic
51%
DF 3 Crvena Zvezda Strahinja Erakovic
44%
DF 15 Almeria Srdjan Babic
41%
MF 24 Hellas Verona Ivan Ilic
39%
ST 7 Torino Nemanja Radonjic
39%
DF 25 Legia Warszawa Filip Mladenovic
36%
MF 22 Hellas Verona Darko Lazovic
34%
MF 21 Sampdoria Filip Djuricic
19%
MF 19 Sporting Braga Uroš Racic
19%
Keine übereinstimmenden Quizze gefunden
Verteilung der Resultate
Anzahl Personen mit jedem Resultat
Perzentil nach korrekt beantworteten Fragen
Ihre Resultats-Entwicklung
Sie haben dieses Quiz noch nicht gespielt